| 000 | 00570nam a22001337a 4500 | ||
|---|---|---|---|
| 040 | _cRUA | ||
| 082 | _aAGR KHO 2015 B521 Or. | ||
| 100 | _aKHON YAN; ខុន យ៉ាន | ||
| 245 | _aCashew nut production of household in Prek prasap Distrarict, Kratie province; ផលិតកម្មស្វាយចន្ទីជាលក្ខណៈគ្រួសារនៅស្រុកព្រែកប្រសព្វ ខេត្តក្រចេះ | ||
| 260 |
_aPhnom Penh _bRUA _c2015 |
||
| 300 |
_axii; 46p; _bill; _c29cm; |
||
| 856 | _uKHON YAN | ||
| 942 | _cAGR | ||
| 999 |
_c10665 _d10665 |
||